| 000 | 00735nam a2200193 i 4500 | ||
|---|---|---|---|
| 001 | 180481 | ||
| 003 | ES-MaACL | ||
| 005 | 20251005063135.0 | ||
| 008 | 120607s1973 sp |||| | spa d | ||
| 100 | 1 |
_aBatle, Nadal, _d1945-1997 _9150415 |
|
| 245 | 1 | 0 |
_aContribución a un estudio básico de los espacios métricos probabilísticos / _cpor Nadal Batle Nicolau. |
| 260 |
_aBarcelona : _bUniversidad, Secretariado de Publicaciones, Intercambio Cientifico y Extensión Universitaria, _c1973. |
||
| 300 |
_a16 p. ; _c24 cm. |
||
| 502 | _aTesis Univ. Barcelona (Extracto) | ||
| 650 | 0 | 4 |
_aEspacios métricos. _912463 |
| 710 | 2 |
_aUniversidad de Barcelona. _97141 |
|
| 852 |
_aES-MaACL _jE-15362(74) |
||
| 999 |
_c180481 _d180481 |
||